Porovnanie vybraných heuristických metód riešenia miltidimenzionálneho problému batohu
Článok sa zaoberá porovnaním efektívnosti vybraných heuristických algoritmov na riešenie multidimenzionálneho problému batohu. Vysvetľuje fungovanie špecifického genetického algoritmu a jeho porovnanie s autorovým algoritmom. Po prezentovaní výsledkov nasleduje krátka úvaha o dodatočnom zlepšení výs...
Enregistré dans:
| Auteur principal: | |
|---|---|
| Format: | Chapitre de livre |
| Langue: | slovaque |
| Sujets: | |
| Tags: |
Pas de tags, Soyez le premier à ajouter un tag!
|
MARC
| LEADER | 00000nla$a2200000$$$4500 | ||
|---|---|---|---|
| 001 | 0145554 | ||
| 005 | 20240502072625.2 | ||
| 041 | 0 | |a slo | |
| 044 | |a SK | ||
| 245 | 1 | 0 | |a Porovnanie vybraných heuristických metód riešenia miltidimenzionálneho problému batohu |c Ján Pittner |
| 520 | |a Článok sa zaoberá porovnaním efektívnosti vybraných heuristických algoritmov na riešenie multidimenzionálneho problému batohu. Vysvetľuje fungovanie špecifického genetického algoritmu a jeho porovnanie s autorovým algoritmom. Po prezentovaní výsledkov nasleduje krátka úvaha o dodatočnom zlepšení výsledkov. | ||
| 610 | 2 | 0 | |a informatika aplikovaná |
| 610 | 2 | 0 | |a algoritmy |
| 610 | 2 | 0 | |a programovanie |
| 610 | 2 | 0 | |a kombinatorika |
| 100 | 1 | |a Pittner, Ján | |